| 000 | 00938nam0a22002531 4500 | ||
|---|---|---|---|
| 001 | rc\2621099 | ||
| 005 | 20250623142137.0 | ||
| 035 | _a(NLR Aleph) 006784778 | ||
| 090 |
_a6081875 _c6081875 |
||
| 100 | _a20110914d1931 |||y0rusy50 ca | ||
| 101 | 0 | _arus | |
| 102 | _aRU | ||
| 105 | _aab z ||||| | ||
| 200 | 1 |
_aСырье и энергия _eС 62 рис., 5 схем. и 3 карт. _fА. Вассерман |
|
| 210 |
_aЛенинград _cОгиз - Прибой _d1931 _gтип. им. Евг. Соколовой |
||
| 215 |
_a248 с., 3 вкл. л. карт. _cил. _d21х15 см. |
||
| 225 | 1 | _aХозяйственные перспективы Ленинградской области | |
| 300 | _aОбложка: Я. Г[уминер] | ||
| 700 | 1 |
_aВассерман _bА.М. _f1903- _gАвсей Маркович |
|
| 801 | 0 |
_aRU _bNLR _gpsbo |
|
| 801 | 1 |
_aRU _bELAR _2rusmarc |
|
| 852 |
_aNLR _j31-3/558 |
||
| 942 | _cBOOK | ||
| 980 | _aNB | ||